00549nam a2200169Ia 4500008004100000041000800041082001600049100001900065245005100084260005300135300002200188563000700210650001100217906002600228999001900254952010600273210707s1984 xx 000 0 und d aeng a582.13 COVW aCOVENTRY (B O) aWild flowers of Kashmir. Series I, II and III. aDehra DunbBishen Singh Mahendra Pal Singhc1984 axxiii,102,xxxii p aHB aBotany aWild Flowers, Kashmir c180419d180419 001040708BiologyaALbALd2001-04-09l0o582.13 COVWpBB04435r2021-07-08 00:00:00w2021-07-08yBB